| 000 | 00876nas a2200265Ia 4500 | ||
|---|---|---|---|
| 001 | dg55-27246 [d000003054] | ||
| 003 | IT-MiCISF | ||
| 008 | 161014c99999999xx |||||||||||| ||und|| | ||
| 040 |
_aIT-MiCISF _cIT-MiCISF |
||
| 041 | _aITALIANO | ||
| 100 | _aCorreggia Marinella (a cura di) | ||
| 210 | _aMani tese | ||
| 222 | _aMani tese | ||
| 245 | 0 | _aIqbal aveva milioni di fratelli. Lo sfruttamento del lavoro infantile nel mondo. Realtà , cause e proposte | |
| 250 | _a1a ed. | ||
| 260 | _c1998 | ||
| 501 |
_bCISF - Centro Internazionale Studi Famiglia - Via Giotto, 36 20145 MILANO (non commercial uses only) _cCopyright 2016 |
||
| 300 | _app. 19 | ||
| 362 | _a [1998] | ||
| 500 | _a Tema: lavoro, infanzia, comparazione, politica, diritti-bambino, società | ||
| 650 |
_aLAVORO _vdossier |
||
| 700 | _aAA.VV. | ||
| 942 | _cCR | ||
| 957 | _71 | ||
| 999 |
_a27246 _bSi _g1 _c218326 _d218326 |
||